The mutually benificial relationship of graphs and matrices / (Record no. 139077)

MARC details
000 -LEADER
fixed length control field 00769nam a22002057a 4500
005 - DATE AND TIME OF LATEST TRANSACTION
control field 20170419160008.0
010 ## - LCCN (DPL NO)
LC control number ENG-117874
020 ## - INTERNATIONAL STANDARD BOOK NUMBER
Terms of availability 885.00
International Standard Book Number 9781470437220
035 ## - SYSTEM CONTROL NUMBER
System control number EN-101406
037 ## - SOURCE OF ACQUISITION
Source of stock number/acquisition DBAD/PUB
082 ## - DEWEY DECIMAL CLASSIFICATION NUMBER
Classification number 511.55
100 ## - MAIN ENTRY--PERSONAL NAME
Personal name Brualdi,Richard A.
245 ## - TITLE STATEMENT
Title The mutually benificial relationship of graphs and matrices /
Statement of responsibility, etc by Richard A. Brualdi
260 ## - PUBLICATION, DISTRIBUTION, ETC. (IMPRINT)
Place of publication, distribution, etc New Delhi
Name of publisher, distributor, etc American Mathematical Society
Date of publication, distribution, etc 2017
270 ## - ADDRESS
Address Distributed by Universties Press,3-6-747/1/A3-6-754/1Himayat Nagar
City Hydreabad (Telangana)
Postal code 500029
300 ## - PHYSICAL DESCRIPTION
Extent ix,98p.
Dimensions 24cm(pbk)
490 ## - SERIES STATEMENT
Series statement CBMs Regional conference series in mathematics ; Number 115
500 ## - GENERAL NOTE
General note Includes bibliographical references and index
942 ## - ADDED ENTRY ELEMENTS (KOHA)
Source of classification or shelving scheme Dewey Decimal Classification
Item type English Books
Classification part 511.55
Call number suffix BRU
Holdings
Withdrawn status Lost status Not for loan Collection code Home library Current library Date acquired Source of acquisition Cost, normal purchase price Full call number Barcode Copy number Cost, replacement price Koha item type
    Not For Loan Non-fiction D.B.Act.Division D.B.Act.Division 19/04/2017 DBAD/PUB 885.00 511.55 BRU EN-101406 1 885.00 English Books

© Delhi Public Library
Hit Counter
free hit counter